Music Quiz

Random Music or Song Quiz
Score 0/268 Timer 08:00
0 Plays Today
% Correct
a
100%
an
100%
a
100%
a
100%
You
96.6%
you
96.6%
I
96.6%
you
96.6%
you
96.6%
I
96.6%
you
96.6%
you
96.6%
you
96.6%
you
96.6%
you
96.6%
ya
96.6%
I
96.6%
I
96.6%
you
96.6%
you
96.6%
you
96.6%
you
96.6%
The
93.1%
The
93.1%
And
93.1%
the
93.1%
and
93.1%
the
93.1%
and
93.1%
the
93.1%
and
93.1%
the
93.1%
the
93.1%
and
93.1%
the
93.1%
and
93.1%
the
93.1%
the
93.1%
and
93.1%
the
93.1%
and
93.1%
of
86.2%
of
86.2%
on
86.2%
of
86.2%
in
86.2%
of
86.2%
of
86.2%
of
86.2%
of
86.2%
in
86.2%
of
86.2%
in
86.2%
in
86.2%
of
86.2%
of
86.2%
in
86.2%
of
86.2%
of
86.2%
of
86.2%
of
86.2%
of
86.2%
of
86.2%
of
86.2%
of
86.2%
of
86.2%
of
86.2%
your
82.8%
your
82.8%
be
82.8%
is
75.9%
is
75.9%
what
72.4%
my
72.4%
her
72.4%
to
69%
to
69%
for
65.5%
for
65.5%
for
65.5%
can
65.5%
can
65.5%
it
65.5%
can
65.5%
it
65.5%
It
65.5%
We're
62.1%
We're
62.1%
One
58.6%
one
58.6%
% Correct
I'm
58.6%
one
58.6%
One
58.6%
One
58.6%
one
58.6%
one
58.6%
I'm
58.6%
one
58.6%
One
58.6%
I'm
58.6%
one
58.6%
night
58.6%
One
58.6%
One
58.6%
I'm
58.6%
One
58.6%
so
58.6%
One
58.6%
One
58.6%
One
58.6%
I'm
58.6%
One
58.6%
One
58.6%
One
58.6%
these
55.2%
these
55.2%
these
55.2%
these
55.2%
these
55.2%
these
55.2%
these
55.2%
these
55.2%
these
55.2%
these
55.2%
these
55.2%
all
55.2%
these
55.2%
these
55.2%
these
55.2%
these
55.2%
these
55.2%
these
55.2%
gonna
51.7%
out
51.7%
gonna
51.7%
gonna
51.7%
that
51.7%
but
51.7%
gonna
51.7%
gonna
51.7%
gonna
51.7%
gonna
51.7%
nights
44.8%
nights
44.8%
dark
44.8%
nights
44.8%
feel
44.8%
will
44.8%
nights
44.8%
nights
44.8%
dark
44.8%
nights
44.8%
feel
44.8%
feel
44.8%
nights
44.8%
nights
44.8%
dark
44.8%
nights
44.8%
nights
44.8%
nights
44.8%
nights
44.8%
nights
44.8%
nights
44.8%
been
41.4%
been
41.4%
been
41.4%
Get
41.4%
got
37.9%
got
37.9%
Well
37.9%
got
37.9%
now
37.9%
now
37.9%
find
34.5%
light
34.5%
find
34.5%
lonely
34.5%
find
34.5%
find
34.5%
light
34.5%
% Correct
find
34.5%
find
34.5%
find
34.5%
woman
31%
crazy
27.6%
old
27.6%
moon
27.6%
dreams
27.6%
dreams
27.6%
I've
27.6%
I've
27.6%
I've
27.6%
she's
27.6%
baby
27.6%
crazy
27.6%
crazy
27.6%
crazy
27.6%
crazy
27.6%
old
27.6%
full
24.1%
own
24.1%
between
24.1%
right
24.1%
between
24.1%
right
24.1%
right
24.1%
between
24.1%
right
24.1%
Right
24.1%
right
24.1%
pretty
20.7%
high
20.7%
wicked
20.7%
wind
20.7%
lost
20.7%
waiting
20.7%
little
20.7%
alone
20.7%
mama
17.2%
calling
17.2%
fever
17.2%
whispers
17.2%
moans
17.2%
devil
17.2%
himself
17.2%
white
17.2%
wrong
17.2%
demons
13.8%
desires
13.8%
few
13.8%
kind
13.8%
coming
13.8%
really
13.8%
angel
13.8%
who's
13.8%
site
13.8%
coming
13.8%
Coming
13.8%
Coming
13.8%
coming
13.8%
turns
10.3%
lights
10.3%
Ooh
10.3%
someone
10.3%
Ooh
10.3%
behind
10.3%
swear
10.3%
searching
10.3%
daughter
10.3%
searching
10.3%
both
10.3%
nowhere
10.3%
Ooh
10.3%
Ooh
10.3%
behind
10.3%
swear
10.3%
Ooh
10.3%
behind
10.3%
swear
10.3%
behind
10.3%
swear
10.3%
Swear
10.3%
behind
10.3%
screams
6.9%
loneliness
6.9%
gets
6.9%
Mmm
3.4%
blind
3.4%
Remove Ads.
Support Sporcle.
Get the best of Sporcle when you Go Orange. This ad-free experience offers more features, more stats, and more fun while also helping to support Sporcle. Thank you for becoming a member.

You're not logged in!

Compare scores with friends on all Sporcle quizzes.
OR
Log In

Show Comments

Extras

Created Sep 26, 2019SourceReportNominate
Tags:Song Quiz

Top Quizzes Today


Score Distribution

Your Account Isn't Verified!

In order to create a playlist on Sporcle, you need to verify the email address you used during registration. Go to your Sporcle Settings to finish the process.

Report this User

Report this user for behavior that violates our Community Guidelines.

Details: